| 000 | 01124nam a2200325 a 4500 | ||
|---|---|---|---|
| 001 | 24338 | ||
| 003 | CO-ViMGA | ||
| 008 | 141112s2004 ck r 000 u spa d | ||
| 020 | _a9789580493952 | ||
| 040 |
_aCO-ViMGA _bspa _cCO-ViMGA |
||
| 041 | _aSPA | ||
| 090 | _aA ROS3 | ||
| 100 | 1 |
_aRosen, Michael _935614 |
|
| 245 | 1 | 0 |
_aRonquidos! / _cMichael Rosen ; ilustrado por Jonathan Langley ; traducido por Cristina Aparicio |
| 260 |
_aBogotá : _bNorma, _c2011 |
||
| 300 | _a31 p. : il. col. : il. | ||
| 490 | _aBuenas noches | ||
| 650 | 1 | 4 |
_aANIMALES DE LA GRANJA - LIBROS DE IMAGENES _935615 |
| 650 | 1 | 4 |
_aDESDE LOS 18 MESES _935616 |
| 650 | 1 | 4 |
_aLEER ES MI CUENTO - COLECCION 2011 _935617 |
| 650 | 1 | 4 |
_aLEER ES MI CUENTO - COLECCION 2011 _935617 |
| 650 | 1 | 4 |
_aLEER ES MI CUENTO - COLECCION 2011 _935617 |
| 650 | 1 | 4 |
_aLEER ES MI CUENTO - COLECCION 2011 _935617 |
| 650 | 1 | 4 |
_aLIBROS DE IMAGENES _929438 |
| 650 | 1 | 4 |
_aLITERATURA INFANTIL INGLESA _935618 |
| 651 |
_aBEBES - LIBROS DE IMAGENES _935619 |
||
| 700 | 1 |
_aAparicio, María Cristina _935620 |
|
| 700 | 1 |
_aLangley, Jonathan _935621 |
|
| 942 |
_2ddc _cBK |
||
| 999 |
_c2235 _d2235 |
||